Seth's Commentaries on Banking Laws. Ed.4 (Record no. 676)

MARC details
000 -LEADER
fixed length control field 00467nam a2200205Ia 4500
005 - DATE AND TIME OF LATEST TRANSACTION
control field 20250207104754.0
008 - FIXED-LENGTH DATA ELEMENTS--GENERAL INFORMATION
fixed length control field 230523s9999 xx 000 0 und d
020 ## - INTERNATIONAL STANDARD BOOK NUMBER
International Standard Book Number 8171111297
041 ## - LANGUAGE CODE
Language English
082 ## - DEWEY DECIMAL CLASSIFICATION NUMBER
Classification number 346.082 SET
100 ## - MAIN ENTRY--PERSONAL NAME
Main Author Name Srivastava, A.B.
245 #0 - TITLE STATEMENT
Title Seth's Commentaries on Banking Laws. Ed.4
250 ## - EDITION STATEMENT
Edition 4
260 ## - PUBLICATION, DISTRIBUTION, ETC.
Place of publication Allahabad
260 ## - PUBLICATION, DISTRIBUTION, ETC.
publisher Name Law Publishers
260 ## - PUBLICATION, DISTRIBUTION, ETC.
Date of publication 2018
300 ## - PHYSICAL DESCRIPTION
Number Of Page 1470
650 ## - SUBJECT ADDED ENTRY--TOPICAL TERM
Subject Banking Law
942 ## - ADDED ENTRY ELEMENTS (KOHA)
Koha item type Reference Book
Holdings
Lost status Source of classification or shelving scheme Not for loan Home library Current library Date last seen Koha item type School Total Checkouts Full call number Barcode Cost, replacement price Price effective from Withdrawn status Date acquired Source of acquisition Cost, normal purchase price Bill Date Bill No
  Dewey Decimal Classification   BSOL BSOL 23/05/2023 Text Books School of Law   346.082 SET BSoL1666 4195.00 23/05/2023   24/10/2018 Rabi Narayana Mishra, Cuttack 4195.00 2018-09-28 193

Maintained and Designed by
2cqr automation private limited, Chennai. All Rights Reserved.

You are Visitor Number

PHP Hits Count